| 000 | 00850cgm a2200265 4500 | ||
|---|---|---|---|
| 008 | 090401t1996 xxu||||| |||| 00| 0 eng d | ||
| 020 | _a1899769412 | ||
| 035 | _a(Sirsi) u53895 | ||
| 041 | _aeng | ||
| 050 | _a346.4104346 | ||
| 100 | _aGillett, Alan | ||
| 245 | _aLease renewals: a CPD study pack | ||
| 260 |
_aReading _bCollege of Estate Management _c1996 |
||
| 300 |
_av,50p. _c30cm. + 1 audio cassette (ca. 60 min.) |
||
| 350 | _a39.5 | ||
| 490 | _aCollege of Estate Management CPD Study Pack | ||
| 520 | _aAccompanied by an Owlion audio tape entitled "Lease Renewals 3rd edition" (J2762). | ||
| 520 | _aSuperseded by second edition (ISBN 1904338167). | ||
| 650 | _aLEASE RENEWAL | ||
| 650 | _aLEASES | ||
| 690 |
_aLANDLORD AND TENANT _96252 |
||
| 710 |
_aCollege of Estate Management _9400 |
||
| 942 | _n0 | ||
| 948 | _c04/03/1997 | ||
| 999 |
_c85279 _d85279 |
||